Responses for show #3817 - Tuesday, March 20, 2001

Contestants

[<< previous game]

Rob Core, a collections account manager from Akron, Ohio

Kathryn Wildt, a scientist from Washington, D.C.

Dennis Scott, an actor from Baltimore, Maryland (whose 1-day cash winnings total $7,500)

[next game >>]

Jeopardy! Round responses

A WORDLY CATEGORY
THEY'RE GREAT!
WELL, THAT'S OBVIOUS
STRAIGHT TO VIDEO
CHINESE CALENDAR ANIMALS
"OIL" IT
    $100 14
Tehran

Kathryn
    $100 30
Abraham Lincoln

Kathryn
    $100 1
First son

Dennis
    $100 11
The Lion King

Dennis
    $100 6
Dragon

Dennis
    $100 29
Toil

Dennis
    $200 15
Spain

Dennis
    $200 28
"The Great Society"

Rob
    $200 2
Baseball

Dennis
    $200 12
Rick Moranis

Kathryn
    $200 7
Horse

Dennis
    $200 19
Boil

Dennis
    $300 16
Afghanistan

Rob
    $300 27
Alexander the Great

Kathryn
    $300 3
(R: What is a corn dog?)

Hot Dog on a Stick

Rob
Triple Stumper
    $300 13
The Land Before Time

Triple Stumper
    $600 8
(D: No response)

Tiger ("Tyger, tyger burning bright...")

Dennis
    $300 20
Doily

Kathryn
    $400 17
Santiago

Triple Stumper
    $400 26
The Great Gazoo

Rob
    $400 4
"Music"

Kathryn
    $400 24
(K: Who is Tim Allen?)

William Shatner

KathrynRob
    $400 9
Ox

Kathryn
    $400 21
Spoil/foil

Rob
    $500 18
Puerto Rico

Kathryn
    $500 25
Henry Clay

Triple Stumper
    $500 5
Neck

Kathryn
    $500 23
An American Tail

Rob
    $500 10
Rooster

Dennis
    $500 22
Recoil

Rob

Scores at the first commercial break (after clue 13):

Dennis Kathryn Rob
$600 $1,500 -$300

Scores at the end of the Jeopardy! Round:

Dennis Kathryn Rob
$1,100 $2,400 $2,400

Double Jeopardy! Round responses

HISTORIC AMERICANS
THE WRESTLING WORLD
AUTHORS & THEIR SLEUTHS
TIME TO "B" SPECIAL
IT'S CHER'S WORLD
WE JUST LIVE IN IT
    $200 19
(K: Who is Madison?)

Martha Washington

KathrynRob
    $200 7
Sumo wrestling

Kathryn
    $200 2
Mickey Spillane

Rob
    $200 20
Beat

Dennis
    $200 1
Exercise videos

Rob
    $200 14
Ranch house

Dennis
    $400 27
Clara Barton

Kathryn
    $400 8
Alligator wrestling

Dennis
    $400 3
(K: Who is....(time)?)

Raymond Chandler

KathrynRob
    $400 21
Big Dipper

Triple Stumper
    $400 10
Moonstruck

Rob
    $400 15
Hut

Dennis
    $600 28
Andrew Jackson

Rob
    $500 9
(Alex: Don't ya' like wrestling?)
(Dennis: I live for it, Alex!)

Greco-Roman wrestling

Dennis
    $600 4
Dashiell Hammett

Kathryn
    $600 22
Elizabeth Berkley

Triple Stumper
    $600 13
"The First Time"

Triple Stumper
    $600 16
Houseboat

Kathryn
    $800 29
Chief Joseph

Triple Stumper
    $800 11
Mexican wrestling

Rob
    $2,000 5
(K: Who is P.D. James?)

Andrew Greeley

Kathryn
    $800 23
Baader-Meinhof Gang

Triple Stumper
    $800 25
Cher Wear

Rob
    $800 17
Lean-to

Dennis
    $1000 30
Cyrus Field

Triple Stumper
    $1000 12
Goldberg

Dennis
    $1000 6
Sara Paretsky

Triple Stumper
    $1000 24
(R: Who is Baloo?)

Bagheera

Rob
Triple Stumper
    $1000 26
Elijah Blue

Dennis
    $1000 18
Tenement

Rob

Scores at the end of the Double Jeopardy! Round:

Dennis Kathryn Rob
$5,600 $1,600 $6,000

[wagering suggestions for these scores]

Final Jeopardy! Round responses

THEATRE HISTORY
KathrynWho was Euripedes
$1,600
DennisWho was Sophocles
$3,000
RobWho was Sophocles?
$5,601
Sophocles

Final scores:

Dennis Kathryn Rob
$8,600 $0 $11,601
2nd place: Trip to Amsterdam courtesy of Priceline.com 3rd place: Novica.com Shopping Spree New champion: $11,601

Game dynamics:

Coryat scores:

Dennis Kathryn Rob
$6,300 $3,600 $6,000
17 R
(including 1 DD),
1 W
(including 1 DD)
13 R,
4 W
(including 1 DD)
16 R,
2 W

Combined Coryat: $15,900

The J! Archive is created by fans, for fans. The Jeopardy! game show and all elements thereof, including but not limited to copyright and trademark thereto, are the property of Jeopardy Productions, Inc. and are protected under law. This website is not affiliated with, sponsored by, or operated by Jeopardy Productions, Inc. Join the discussion at JBoard.tv.